Marcatori del Napoli in UEFA Europa League 2015-2016 - Statistics

Statistiche generali
  • Questo quiz è stato fatto 10 volte
  • Il punteggio medio è 21 su 23
Statistiche sulle risposte
Partita Minuto Marcatore % Corretto
Napoli - Club Bruges 5-0 19' Dries Mertens
100%
Napoli - Club Bruges 5-0 25' Dries Mertens
100%
Legia Varsavia - Napoli 0-2 53' Dries Mertens
100%
Napoli - Legia Varsavia 5-2 65' Dries Mertens
100%
Napoli - Legia Varsavia 5-2 91' Dries Mertens
100%
Legia Varsavia - Napoli 0-2 84' Gonzalo Higuaín
100%
Midtjylland - Napoli 1-4 94' Gonzalo Higuaín
100%
Napoli - Club Bruges 5-0 5' José María Callejón
100%
Napoli - Club Bruges 5-0 77' José María Callejón
100%
Midtjylland - Napoli 1-4 19' José María Callejón
100%
Napoli - Manolo Gabbiadini 5-0 77' José María Callejón
100%
Napoli - Legia Varsavia 5-2 57' José María Callejón
100%
Napoli - Legia Varsavia 5-2 39' Lorenzo Insigne
100%
Midtjylland - Napoli 1-4 31' Manolo Gabbiadini
100%
Midtjylland - Napoli 1-4 40' Manolo Gabbiadini
100%
Napoli - Manolo Gabbiadini 5-0 22' Manolo Gabbiadini
100%
Napoli - Manolo Gabbiadini 5-0 38' Manolo Gabbiadini
100%
Napoli - Club Bruges 5-0 53' Marek Hamšík
100%
Napoli - Villarreal 1-1 17' Marek Hamšík
100%
Napoli - Manolo Gabbiadini 5-0 54' Christian Maggio
80%
Napoli - Legia Varsavia 5-2 32' Nathaniel Chalobah
60%
Napoli - Manolo Gabbiadini 5-0 13' Omar El Kaddouri
50%
Club Bruges - Napoli 0-1 41' Vlad Chiricheș
50%
Nessun quiz corrispondente trovato
Distribuzione punteggi
Percentuale di utenti per punteggio
Percentile per numero di risposta
I tuoi punteggi nel tempo
Non hai fatto questo quiz